[Event "ChessOrg Schachfestival 2024 Bad Wörishofen"]
[White "Sombetzki, Detlef"]
[Black "Schroeder, Klaus"]
[Site "Bad Woerishofen"]
[Round "6.54"]
[Annotator "wempe"]
[Result "1-0"]
[Date "2024.??.??"]
[WhiteElo "1719"]
[BlackElo "1857"]
[PlyCount "97"]
[GameId "2106781007100576"]
[EventDate "2024.03.13"]

1. d4 e6 2. Bf4 f5 3. Nf3 Nf6 4. e3 Be7 5. Be2 d6 6. c3 O-O 7. O-O Nc6 8. Nbd2 Ne4 9. Qc2 d5 10. g3 a6 11. c4 Bd7 12. b4 Bf6 13. cxd5 exd5 14. h3 Rc8 15. Nb3 b5 16. Nc5 Nxc5 17. Qxc5 Be8 18. Ne5 Nxe5 19. dxe5 Be7 20. Qc3 c5 21. bxc5 Rxc5 22. Qb2 Bf7 23. Rac1 Qb6 24. Rxc5 Bxc5 25. Rc1 Be6 26. Rd1 Rc8 27. g4 Qd8 28. g5 Qe7 29. Rc1 Ba3 30. Rxc8+ Bxc8 31. Qc3 Bb7 32. e6 Bd6 33. Bxd6 Qxd6 34. Qa5 Qxe6 35. Qd8+ Kf7 36. Qc7+ Qe7 37. Qf4 Qd7 38. h4 Qc6 39. h5 Qd7 40. Bg4 Bc8 41. h6 gxh6 42. Bh5+ Kf8 43. gxh6 a5 44. Qe5 f4 45. Qh8+ Ke7 46. Qxh7+ Kf8 47. Qh8+ Ke7 48. Qg7+ Kd8 49. Qxd7+ 1-0

[Event "ChessOrg Schachfestival 2024 Bad Wörishofen"]
[White "Christoffersen, Odd"]
[Black "Sakowski, Christian"]
[Site "Bad Woerishofen"]
[Round "6.55"]
[Annotator "wempe"]
[Result "1/2-1/2"]
[Date "2024.??.??"]
[WhiteElo "1701"]
[BlackElo "1854"]
[PlyCount "69"]
[GameId "2106825675823785"]
[EventDate "2024.03.13"]

1. e4 c6 2. d4 d5 3. exd5 cxd5 4. Bd3 Nc6 5. c3 Nf6 6. Nf3 Bg4 7. O-O e6 8. Bf4 Bd6 9. Bxd6 Qxd6 10. Nbd2 O-O 11. Qc2 Rac8 12. a3 Bh5 13. Rfe1 Rfe8 14. Rac1 Bg6 15. Bxg6 hxg6 16. Qb3 b6 17. Qa2 Na5 18. Ne5 Nd7 19. Nxd7 Qxd7 20. Qb1 Qc7 21. Qd3 Qf4 22. Qe3 Qxe3 23. Rxe3 Nc4 24. Nxc4 dxc4 25. f4 Red8 26. Rce1 Rd5 27. Re5 Rcd8 28. Kf2 Kf8 29. g4 Rxe5 30. fxe5 g5 31. Re3 Ke7 32. Kf3 Rh8 33. Kg3 Rd8 34. Kf3 Rh8 35. Kg3 1/2-1/2

[Event "ChessOrg Schachfestival 2024 Bad Wörishofen"]
[White "Ganslmayer, Anton"]
[Black "Weyand, Fernand"]
[Site "Bad Woerishofen"]
[Round "6.56"]
[Annotator "wempe"]
[Result "1/2-1/2"]
[Date "2024.??.??"]
[WhiteElo "1852"]
[BlackElo "1752"]
[PlyCount "32"]
[GameId "2108272495702117"]
[EventDate "2024.03.13"]

1. Nf3 b6 2. c4 e6 3. e3 Bb7 4. b3 f5 5. Bb2 Nf6 6. Nc3 Bb4 7. a3 Bxc3 8. Bxc3 O-O 9. Be2 d6 10. d4 Nbd7 11. O-O Ne4 12. Bb2 Qe7 13. Ne1 Ndf6 14. Nd3 g6 15. f3 Ng5 16. Re1 Nf7 1/2-1/2

[Event "ChessOrg Schachfestival 2024 Bad Wörishofen"]
[White "Cremonini, Stefano"]
[Black "Kundt, Guenther"]
[Site "Bad Woerishofen"]
[Round "6.57"]
[Annotator "wempe"]
[Result "1/2-1/2"]
[Date "2024.??.??"]
[WhiteElo "1734"]
[BlackElo "1851"]
[PlyCount "63"]
[GameId "2108301649432707"]
[EventDate "2024.03.13"]

1. d4 d5 2. Nf3 e6 3. Bf4 c5 4. c3 Nc6 5. e3 Nf6 6. Nbd2 Bd6 7. Bg3 O-O 8. Bd3 Re8 9. Ne5 cxd4 10. exd4 Bxe5 11. dxe5 Nd7 12. Nf3 Nf8 13. O-O Ng6 14. Qe2 Bd7 15. Rfe1 Rc8 16. Rad1 Na5 17. Nd4 a6 18. f4 Qb6 19. Kh1 Nc6 20. Bb1 Nxd4 21. Rxd4 Bb5 22. Qd2 Ne7 23. Bf2 Qc7 24. Qc2 g6 25. a4 Bd7 26. Qb3 b5 27. axb5 Bxb5 28. Rd2 Rb8 29. Qa3 Rec8 30. Bd4 Rb7 31. Bc2 Nc6 32. Bc5 1/2-1/2

[Event "ChessOrg Schachfestival 2024 Bad Wörishofen"]
[White "Titz, Waldemar"]
[Black "Mitterholzer, Helmuth"]
[Site "Bad Woerishofen"]
[Round "6.58"]
[Annotator "wempe"]
[Result "1/2-1/2"]
[Date "2024.??.??"]
[WhiteElo "1822"]
[BlackElo "1644"]
[PlyCount "35"]
[GameId "2108302520193164"]
[EventDate "2024.03.13"]

1. e4 e5 2. Nf3 Nc6 3. d4 exd4 4. Nxd4 Bc5 5. Be3 Qf6 6. c3 a6 7. Be2 Nge7 8. O-O d6 9. Nc2 Bd7 10. f4 Bxe3+ 11. Nxe3 O-O 12. Qe1 g6 13. Ng4 Qg7 14. Nd2 f5 15. Nf2 Rae8 16. Qc1 fxe4 17. Ndxe4 Nf5 18. Bf3 1/2-1/2

[Event "ChessOrg Schachfestival 2024 Bad Wörishofen"]
[White "Schinnerl, Werner"]
[Black "Schleime, Franz-Josef"]
[Site "Bad Woerishofen"]
[Round "6.59"]
[Annotator "wempe"]
[Result "0-1"]
[Date "2024.??.??"]
[WhiteElo "1983"]
[BlackElo "1779"]
[PlyCount "92"]
[GameId "2108302542606485"]
[EventDate "2024.03.13"]

1. e4 c5 2. Nf3 e6 3. d4 cxd4 4. Nxd4 Nf6 5. Nc3 d6 6. Be3 a6 7. Be2 Be7 8. O-O Qc7 9. f4 Nbd7 10. Bf3 Rb8 11. Kh1 b6 12. Nde2 O-O 13. Ng3 Bb7 14. Qe2 Rbc8 15. Qf2 Nc5 16. Rad1 Rfd8 17. Bd4 Ncd7 18. Rd2 b5 19. a3 Bc6 20. Nh5 Nxh5 21. Bxh5 Bf6 22. Rfd1 g6 23. Bf3 e5 24. Be3 exf4 25. Bxf4 Bxc3 26. Bxd6 Qb6 27. bxc3 Qxf2 28. Rxf2 Nf6 29. e5 Bxf3 30. Rxf3 Ne4 31. Rdd3 Rc6 32. Kg1 Nxd6 33. Rf6 Rxc3 34. Rfxd6 Rxd3 35. Rxd3 Rxd3 36. cxd3 f6 37. e6 Kf8 38. d4 Ke7 39. d5 f5 40. Kf2 a5 41. Ke3 g5 42. Kd4 Kd6 43. g3 b4 44. axb4 axb4 45. Kc4 f4 46. gxf4 gxf4 0-1

[Event "ChessOrg Schachfestival 2024 Bad Wörishofen"]
[White "Auterhoff, Juergen"]
[Black "Lachat, Martin"]
[Site "Bad Woerishofen"]
[Round "6.60"]
[Annotator "wempe"]
[Result "0-1"]
[Date "2024.??.??"]
[WhiteElo "1838"]
[BlackElo "1742"]
[PlyCount "74"]
[GameId "2108633289064606"]
[EventDate "2024.03.13"]

1. e4 e5 2. Nf3 d6 3. d4 Nd7 4. Nc3 Be7 5. Be2 Ngf6 6. h3 O-O 7. Be3 h6 8. O-O Nh7 9. Qd2 exd4 10. Nxd4 Nb6 11. f4 f5 12. exf5 Bxf5 13. Nxf5 Rxf5 14. Bd3 Rf8 15. Qe2 Qd7 16. f5 Nf6 17. Rae1 Rae8 18. Qf3 d5 19. Ne2 c6 20. Nf4 Na8 21. Ne6 Rf7 22. Qg3 Bd6 23. Qg6 Kh8 24. Bf4 Bf8 25. Re2 Ng8 26. Rfe1 Rfe7 27. Nxf8 Rxf8 28. Rxe7 Nxe7 29. f6 Nxg6 30. Bxg6 gxf6 31. Bxh6 Rg8 32. Bd3 Qxh3 33. Re2 Qxh6 34. Re7 Qc1+ 35. Kh2 Qf4+ 36. Kg1 f5 37. Rxb7 Qg4 0-1

[Event "ChessOrg Schachfestival 2024 Bad Wörishofen"]
[White "Narr, Irmgard"]
[Black "Rothenhagen, Siegfried"]
[Site "Bad Woerishofen"]
[Round "6.61"]
[Annotator "wempe"]
[Result "1/2-1/2"]
[Date "2024.??.??"]
[WhiteElo "1755"]
[BlackElo "1836"]
[PlyCount "76"]
[GameId "2108633883177128"]
[EventDate "2024.03.13"]

1. e4 e6 2. Nf3 d5 3. exd5 exd5 4. d4 Bd6 5. Bd3 Nf6 6. Bg5 Bg4 7. O-O O-O 8. Nbd2 Nbd7 9. c3 Re8 10. Qc2 h6 11. Be3 c6 12. h3 Bxf3 13. Nxf3 Qc7 14. Rad1 Bf4 15. Bxf4 Qxf4 16. c4 Re7 17. cxd5 Nxd5 18. a3 Rae8 19. Bc4 N7b6 20. Bb3 Re2 21. Qb1 Nf6 22. Ne5 Nbd5 23. Bc4 Rd2 24. Nf3 Rxd1 25. Qxd1 Nb6 26. Bb3 Rd8 27. g3 Qd6 28. Qd3 c5 29. Rd1 Qc6 30. Bc2 cxd4 31. Ne5 Qe8 32. Nf3 Qd7 33. Kg2 Qc6 34. Kh2 Nc4 35. Nxd4 Qc8 36. Qc3 Ne5 37. Qb3 b6 38. Nf5 Qc7 1/2-1/2

[Event "ChessOrg Schachfestival 2024 Bad Wörishofen"]
[White "Heid, Magdalene"]
[Black "Huber, Helmut"]
[Site "Bad Woerishofen"]
[Round "6.62"]
[Annotator "wempe"]
[Result "0-1"]
[Date "2024.??.??"]
[WhiteElo "1714"]
[BlackElo "1830"]
[PlyCount "44"]
[GameId "2108634322714802"]
[EventDate "2024.03.13"]

1. e4 c5 2. c3 d5 3. exd5 Qxd5 4. d4 cxd4 5. cxd4 Nc6 6. Nf3 e5 7. Nc3 Bb4 8. Bd2 Bxc3 9. Bxc3 e4 10. Ne5 Nxe5 11. dxe5 Ne7 12. Qxd5 Nxd5 13. Bb5+ Ke7 14. Bd4 Bf5 15. O-O Rac8 16. Rac1 Rhd8 17. h3 Kf8 18. Bc5+ Kg8 19. Bd6 a6 20. Be2 Nf4 21. Rxc8 Nxe2+ 22. Kh2 Rxc8 0-1

[Event "ChessOrg Schachfestival 2024 Bad Wörishofen"]
[White "Moser, Andreas"]
[Black "Fischer, Johann"]
[Site "Bad Woerishofen"]
[Round "6.63"]
[Annotator "wempe"]
[Result "*"]
[Date "2024.??.??"]
[WhiteElo "1819"]
[BlackElo "1733"]
[PlyCount "61"]
[GameId "2108634680099003"]
[EventDate "2024.03.13"]

1. e4 c6 2. d4 d5 3. Nc3 e6 4. e5 Bb4 5. a3 Bxc3+ 6. bxc3 Ne7 7. Nf3 Nd7 8. Bd3 Qc7 9. O-O c5 10. a4 c4 11. Be2 a5 12. Ba3 Qc6 13. Qd2 h6 14. Nh4 Nb6 15. Qc1 Nxa4 16. Bxe7 Nxc3 17. Qa3 Nb5 18. Qc5 Nxd4 19. Bd1 Nb5 20. f4 Qd7 21. Bd6 Nxd6 22. exd6 O-O 23. f5 Ra6 24. fxe6 Qxe6 25. Nf5 Kh7 26. Bg4 Qg6 27. Bh3 Qg5 28. d7 Rd8 29. dxc8=Q Rxc8 30. Qxc8 Rf6 31. Rf3 *

[Event "ChessOrg Schachfestival 2024 Bad Wörishofen"]
[White "Stein, Eugen"]
[Black "Niesswohl, Werner"]
[Site "Bad Woerishofen"]
[Round "6.64"]
[Annotator "wempe"]
[Result "1-0"]
[Date "2024.??.??"]
[WhiteElo "1806"]
[BlackElo "1699"]
[PlyCount "58"]
[GameId "2108635831677124"]
[EventDate "2024.03.13"]

1. d4 Nf6 2. Nc3 d5 3. Bf4 e6 4. Nb5 Bd6 5. Nxd6+ cxd6 6. e3 O-O 7. Bd3 Re8 8. c3 e5 9. dxe5 dxe5 10. Bg3 e4 11. Bc2 Nc6 12. Ne2 Ne5 13. h3 b6 14. O-O Ba6 15. Re1 Bc8 16. Ba4 Re7 17. Bxe5 Rxe5 18. Qd4 Rg5 19. Ng3 Qd6 20. Rad1 a5 21. Bc2 Bxh3 22. Bxe4 Re8 23. Bf3 Bg4 24. Bxg4 Rxg4 25. Qd3 Qe5 26. Qf5 {Rest unleserlich} b5 27. Qxe5 Rxe5 28. f4 Re8 29. Nh1 b4 1-0

[Event "ChessOrg Schachfestival 2024 Bad Wörishofen"]
[White "Mueggenburg, Rolf"]
[Black "Beitz, Joanne"]
[Site "Bad Woerishofen"]
[Round "6.66"]
[Annotator "wempe"]
[Result "1-0"]
[Date "2024.??.??"]
[WhiteElo "1781"]
[BlackElo "1540"]
[PlyCount "75"]
[GameId "2108637492519128"]
[EventDate "2024.03.13"]

1. d4 f5 2. Bf4 Nf6 3. e3 e6 4. h3 b6 5. Be2 Bb7 6. Bf3 d5 7. Bg5 Nbd7 8. Nd2 Qe7 9. Ne2 O-O-O 10. Bf4 Re8 11. c3 Qd8 12. Ng3 Bd6 13. Bxd6 cxd6 14. O-O g6 15. Qa4 Kb8 16. Be2 a5 17. b4 Ne4 18. Ndxe4 fxe4 19. bxa5 bxa5 20. Rab1 Kc8 21. Qb3 Qb6 22. Bb5 Kd8 23. Bxd7 Qxb3 24. Rxb3 Kxd7 25. Rxb7+ Kd8 26. Rfb1 e5 27. Ra7 Kc8 28. Rxa5 Kd7 29. Rxd5 Rb8 30. Rbb5 Rxb5 31. Rxb5 Ke6 32. Nxe4 Rd8 33. g4 h6 34. d5+ Ke7 35. h4 Rd7 36. Rb6 Ra7 37. Rb4 Rd7 38. a4 1-0

[Event "ChessOrg Schachfestival 2024 Bad Wörishofen"]
[White "Ruf, Helmut"]
[Black "Eigenmann, Christina"]
[Site "Bad Woerishofen"]
[Round "6.67"]
[Annotator "wempe"]
[Result "1-0"]
[Date "2024.??.??"]
[WhiteElo "1645"]
[BlackElo "1799"]
[PlyCount "75"]
[GameId "2108638402441442"]
[EventDate "2024.03.13"]

1. e4 c6 2. Nf3 d5 3. exd5 cxd5 4. Ne5 Be6 5. Bb5+ Nd7 6. O-O a6 7. Bxd7+ Bxd7 8. d4 e6 9. c3 Bd6 10. Bf4 Qe7 11. Nd2 Bxe5 12. Bxe5 Nf6 13. Nf3 O-O 14. Re1 Ne8 15. Bf4 f6 16. Qb3 Bc6 17. Re3 g5 18. Bg3 Ng7 19. Rae1 b5 20. Qc2 Qd7 21. h4 Rae8 22. hxg5 Nf5 23. R3e2 Nxg3 24. fxg3 e5 25. dxe5 fxg5 26. Nxg5 Qg7 27. Qd2 Rf5 28. Nh3 Rexe5 29. Rxe5 Rxe5 30. Rxe5 Qxe5 31. Qg5+ Qxg5 32. Nxg5 Kg7 33. Kf2 h6 34. Nh3 Kf6 35. Ke3 Ke5 36. Nf4 Be8 37. Nd3+ Kf5 38. Nb4 1-0

[Event "ChessOrg Schachfestival 2024 Bad Wörishofen"]
[White "Jovi, Klaus"]
[Black "Semisch, Helga"]
[Site "Bad Woerishofen"]
[Round "6.68"]
[Annotator "wempe"]
[Result "1/2-1/2"]
[Date "2024.??.??"]
[WhiteElo "1709"]
[BlackElo "1636"]
[PlyCount "82"]
[GameId "2108639455801579"]
[EventDate "2024.03.13"]

1. c4 c6 2. Nc3 d5 3. e3 e6 4. Nf3 Bd6 5. d4 Nd7 6. Bd3 f5 7. c5 Bc7 8. b4 Ngf6 9. h3 O-O 10. Bb2 b6 11. Bc2 bxc5 12. bxc5 Ba6 13. Bd3 Bc8 14. O-O Qe8 15. a4 Nh5 16. Ne2 Rb8 17. Bc3 Ndf6 18. Rb1 Ne4 19. Rxb8 Bxb8 20. Ba1 Qg6 21. Ne5 Bxe5 22. dxe5 Ng5 23. Ng3 Nxg3 24. fxg3 Nf7 25. g4 Qg5 26. Bd4 Nh6 27. g3 fxg4 28. h4 Qe7 29. Rxf8+ Qxf8 30. Be2 Qf5 31. Bd3 Qf7 32. Qf1 Qe7 33. Qb1 g6 34. Qb8 Qf8 35. a5 Nf5 36. Bxf5 gxf5 37. Qxa7 Qd8 38. Qb6 Qd7 39. a6 Kf7 40. a7 Bb7 41. Kf2 Kg6 1/2-1/2

[Event "ChessOrg Schachfestival 2024 Bad Wörishofen"]
[White "Klimpel, Siegfried"]
[Black "Mahrla, Hans"]
[Site "Bad Woerishofen"]
[Round "6.69"]
[Annotator "wempe"]
[Result "1-0"]
[Date "2024.??.??"]
[WhiteElo "1848"]
[BlackElo "1722"]
[PlyCount "24"]
[GameId "2108640749584628"]
[EventDate "2024.03.13"]

1. d4 e6 2. Bf4 d5 3. Nd2 c5 4. c3 cxd4 5. cxd4 Nc6 6. e3 Bd6 7. Bg3 Nf6 8. Ngf3 Bxg3 9. hxg3 Ne4 10. Bd3 Nxd2 11. Qxd2 Qa5 12. Qxa5 Nxa5 1-0

[Event "ChessOrg Schachfestival 2024 Bad Wörishofen"]
[White "Heck, Norbert"]
[Black "Pirrot, Dieter"]
[Site "Bad Woerishofen"]
[Round "7.1"]
[Annotator "wempe"]
[Result "1/2-1/2"]
[Date "2024.??.??"]
[WhiteElo "2047"]
[BlackElo "2313"]
[PlyCount "21"]
[GameId "2118793979601396"]
[EventDate "2024.03.14"]

1. Nf3 e6 2. d4 f5 3. g3 Nf6 4. Bg2 Be7 5. O-O d5 6. c4 Ne4 7. Qc2 c6 8. Nbd2 Nd7 9. b3 a5 10. Bb2 O-O 11. a3 1/2-1/2

[Event "ChessOrg Schachfestival 2024 Bad Wörishofen"]
[White "Baum, Bernd"]
[Black "Okrajek, Alexander"]
[Site "Bad Woerishofen"]
[Round "7.2"]
[Annotator "wempe"]
[Result "0-1"]
[Date "2024.??.??"]
[WhiteElo "2201"]
[BlackElo "2128"]
[PlyCount "60"]
[GameId "2118793979601397"]
[EventDate "2024.03.14"]

1. c4 Nf6 2. g3 g6 3. Bg2 Bg7 4. Nc3 O-O 5. d3 c5 6. e4 Nc6 7. Nge2 d6 8. O-O Rb8 9. h3 a6 10. a4 Nd4 11. Rb1 Bd7 12. b4 cxb4 13. Rxb4 Qa5 14. Ba3 Nxe2+ 15. Nxe2 b5 16. Qb1 Rbc8 17. Rc1 bxc4 18. Rbxc4 Rxc4 19. Rxc4 Bxa4 20. e5 dxe5 21. Bxe7 Bb5 22. Bxf8 Bxf8 23. Rc8 Qd2 24. Nc1 Kg7 25. Qc2 Qe1+ 26. Kh2 h5 27. Na2 h4 28. g4 Bd6 29. Be4 Nxe4 30. dxe4 Be2 0-1

[Event "ChessOrg Schachfestival 2024 Bad Wörishofen"]
[White "Toenniges, Thomas"]
[Black "Geyer, Bernhard"]
[Site "Bad Woerishofen"]
[Round "7.3"]
[Annotator "wempe"]
[Result "1-0"]
[Date "2024.??.??"]
[WhiteElo "2027"]
[BlackElo "2119"]
[PlyCount "51"]
[GameId "2118793979601398"]
[EventDate "2024.03.14"]

1. e4 e6 2. d4 d5 3. Nd2 Nf6 4. e5 Nfd7 5. f4 c5 6. c3 Nc6 7. Ndf3 cxd4 8. cxd4 f6 9. a3 a5 10. Bd3 Qb6 11. Ne2 Be7 12. Nc3 O-O 13. Qe2 f5 14. Be3 Ndb8 15. O-O Na6 16. Kh1 Bd7 17. Rg1 Kh8 18. g4 g6 19. gxf5 gxf5 20. Nb5 Rg8 21. Nd6 Rg6 22. Rxg6 hxg6 23. Rg1 Kh7 24. Qg2 Rg8 25. Qh3+ Kg7 26. Qh5 1-0

[Event "ChessOrg Schachfestival 2024 Bad Wörishofen"]
[White "Remensberger, Hansuli"]
[Black "Kierzek, Matthias"]
[Site "Bad Woerishofen"]
[Round "7.4"]
[Result "0-1"]
[Date "2024.??.??"]
[WhiteElo "2024"]
[BlackElo "2112"]
[PlyCount "34"]
[GameId "2118793979601399"]
[EventDate "2024.03.14"]

1. c4 e5 2. Nc3 Nf6 3. Nf3 Nc6 4. g3 Bb4 5. Nd5 e4 6. Nh4 d6 7. Qc2 O-O 8. Nxf6+ Qxf6 9. Qxe4 g5 10. Nf3 Bf5 11. Qd5 Rae8 12. Rg1 g4 13. Nh4 Re5 14. Nxf5 Rxd5 15. cxd5 Qxf5 16. dxc6 bxc6 17. Kd1 Qxf2 0-1

[Event "ChessOrg Schachfestival 2024 Bad Wörishofen"]
[White "Krueger, Norbert"]
[Black "Tscharotschkin, Michael"]
[Site "Bad Woerishofen"]
[Round "7.5"]
[Annotator "wempe"]
[Result "0-1"]
[Date "2024.??.??"]
[WhiteElo "1993"]
[BlackElo "2062"]
[PlyCount "80"]
[GameId "2118793979601400"]
[EventDate "2024.03.14"]

1. e4 c5 2. d4 cxd4 3. c3 Nf6 4. e5 Nd5 5. cxd4 d6 6. Nf3 Nc6 7. Bc4 Nb6 8. Bb5 Bd7 9. Nc3 dxe5 10. dxe5 a6 11. Be2 e6 12. Bf4 Bb4 13. Bd2 Bxc3 14. Bxc3 Nd5 15. Qd2 Nxc3 16. Qxc3 O-O 17. O-O Ne7 18. Nd4 Rc8 19. Qd2 Qc7 20. Qe3 Nd5 21. Qe4 f5 22. exf6 Nxf6 23. Qh4 e5 24. Nf3 e4 25. Nd4 Qb6 26. Rfd1 Qxb2 27. Rab1 Qxa2 28. Rxb7 Rb8 29. Rc7 Rfc8 30. Rcc1 Rxc1 31. Rxc1 Qb2 32. Bc4+ Kh8 33. Ne2 Bg4 34. Re1 Qb4 35. f3 exf3 36. gxf3 Qxc4 37. fxg4 Qxg4+ 38. Qxg4 Nxg4 39. Ra1 Ne3 40. h3 h6 0-1

[Event "ChessOrg Schachfestival 2024 Bad Wörishofen"]
[White "Matzat, Andre"]
[Black "Rick, Uwe"]
[Site "Bad Woerishofen"]
[Round "7.6"]
[Annotator "wempe"]
[Result "1-0"]
[Date "2024.??.??"]
[WhiteElo "2060"]
[BlackElo "2021"]
[PlyCount "76"]
[GameId "2118793979601401"]
[EventDate "2024.03.14"]

1. d4 d5 2. Nf3 Nf6 3. c3 c5 4. dxc5 e6 5. b4 a5 6. e3 axb4 7. cxb4 b6 8. Bb5+ Bd7 9. Bxd7+ Nfxd7 10. a4 Na6 11. Bd2 bxc5 12. b5 Nb4 13. Bc3 Bd6 14. O-O O-O 15. e4 dxe4 16. Qxd6 exf3 17. Qg3 f6 18. Qxf3 Nc2 19. Ra2 Nd4 20. Bxd4 cxd4 21. Nd2 Nc5 22. Rfa1 Qd7 23. Nc4 Rfb8 24. Nb6 Rxb6 25. Qxa8+ Kf7 26. Rc2 Nb3 27. Rd1 d3 28. Rc3 Nd4 29. Rdxd3 Rd6 30. Qe4 f5 31. Qe3 e5 32. f3 Kf6 33. g3 Qa7 34. Kg2 Qxa4 35. Rc5 Re6 36. f4 Qa2+ 37. Rd2 Qa8+ 38. Kf2 Qe4 1-0

[Event "ChessOrg Schachfestival 2024 Bad Wörishofen"]
[White "Higatsberger, Michael"]
[Black "Hinz, Holger"]
[Site "Bad Woerishofen"]
[Round "7.7"]
[Annotator "wempe"]
[Result "1-0"]
[Date "2024.??.??"]
[WhiteElo "2037"]
[BlackElo "2001"]
[PlyCount "83"]
[GameId "2118793979601402"]
[EventDate "2024.03.14"]

1. e4 e6 2. d4 d5 3. e5 c5 4. c3 Qd6 5. Nf3 Nc6 6. Be2 cxd4 7. cxd4 Nge7 8. Na3 Nf5 9. Nc2 Nb4 10. Ne3 Bd7 11. Nxf5 exf5 12. a3 Nc6 13. b4 Be7 14. O-O O-O 15. Re1 Rac8 16. h4 Be6 17. Bg5 Qd8 18. Qd2 Re8 19. Rac1 f6 20. exf6 Bxf6 21. Bb5 h6 22. Bxc6 Rxc6 23. Rxc6 bxc6 24. Bxf6 Qxf6 25. Qf4 Qd8 26. Rc1 Bd7 27. Ne5 g5 28. hxg5 hxg5 29. Qh2 Re6 30. Rc3 Be8 31. Rh3 Qf6 32. Rh7 f4 33. Rxa7 Qf5 34. Qh3 Rxe5 35. dxe5 Qxe5 36. Qh7+ Kf8 37. Qh6+ Kg8 38. Ra8 d4 39. Qxc6 Kf7 40. Qxe8+ Qxe8 41. Rxe8 Kxe8 42. Kf1 1-0

[Event "ChessOrg Schachfestival 2024 Bad Wörishofen"]
[White "Schatz, Christian"]
[Black "Scharrer, Udo"]
[Site "Bad Woerishofen"]
[Round "7.8"]
[Annotator "wempe"]
[Result "1/2-1/2"]
[Date "2024.??.??"]
[WhiteElo "2182"]
[BlackElo "1986"]
[PlyCount "57"]
[GameId "2118793979601403"]
[EventDate "2024.03.14"]

1. d4 Nf6 2. Nf3 g6 3. c4 Bg7 4. Nc3 O-O 5. Bg5 h6 6. Bh4 c5 7. e3 cxd4 8. Nxd4 Nc6 9. Be2 d6 10. O-O Bd7 11. Qd2 a6 12. Rad1 Nxd4 13. exd4 Rc8 14. Rc1 Be6 15. b3 d5 16. Bxf6 exf6 17. Nxd5 Bxd5 18. cxd5 Rxc1 19. Rxc1 Qxd5 20. Bf3 Qd7 21. Qb4 Rb8 22. Qc5 Rd8 23. d5 Bf8 24. Qd4 f5 25. g3 Ba3 26. Rc2 Bd6 27. h4 h5 28. a4 Rc8 29. Rc4 1/2-1/2

[Event "ChessOrg Schachfestival 2024 Bad Wörishofen"]
[White "Luciani, Carlo"]
[Black "Zwick, Hubert"]
[Site "Bad Woerishofen"]
[Round "7.9"]
[Annotator "wempe"]
[Result "1-0"]
[Date "2024.??.??"]
[WhiteElo "2162"]
[BlackElo "2003"]
[PlyCount "81"]
[GameId "2118793979601404"]
[EventDate "2024.03.14"]

1. e4 c6 2. Nc3 d5 3. Nf3 dxe4 4. Nxe4 Nf6 5. Nxf6+ exf6 6. d4 Bd6 7. Be2 O-O 8. O-O Re8 9. c4 Bg4 10. Re1 Nd7 11. Bd2 Nf8 12. Nh4 Bxe2 13. Rxe2 Qc7 14. g3 Qd7 15. Rxe8 Rxe8 16. Qf3 Ne6 17. Be3 b5 18. cxb5 cxb5 19. Rc1 Rc8 20. Rxc8+ Qxc8 21. Qd5 Qb8 22. Qc6 g6 23. Nf3 h5 24. d5 Ng7 25. Bd4 Qd8 26. Bxa7 Qe7 27. Bb6 Nf5 28. Qxb5 Qe4 29. Qb3 g5 30. h3 Qb1+ 31. Kg2 Qe4 32. Kf1 Bxg3 33. fxg3 Nxg3+ 34. Kf2 Qe2+ 35. Kxg3 h4+ 36. Nxh4 gxh4+ 37. Kxh4 f5 38. Qg3+ Kh7 39. Qe3 Qg2 40. Bd4 f4 41. Qxf4 1-0

[Event "ChessOrg Schachfestival 2024 Bad Wörishofen"]
[White "Heppell, Ian"]
[Black "Jahn, Peter"]
[Site "Bad Woerishofen"]
[Round "7.10"]
[Annotator "wempe"]
[Result "0-1"]
[Date "2024.??.??"]
[WhiteElo "1944"]
[BlackElo "2064"]
[PlyCount "54"]
[GameId "2118793979601405"]
[EventDate "2024.03.14"]

1. e4 c6 2. Nc3 d5 3. Nf3 dxe4 4. Nxe4 Nf6 5. Qe2 Nxe4 6. Qxe4 Nd7 7. Bc4 Nf6 8. Qe2 Bf5 9. d4 e6 10. O-O h6 11. Bf4 Bd6 12. Ne5 Qc7 13. Rfe1 O-O 14. c3 Rad8 15. Rad1 a6 16. Bb3 c5 17. Bg3 Ne4 18. Qf3 Nxg3 19. hxg3 Bxe5 20. dxe5 c4 21. Rxd8 Rxd8 22. Bd1 Rd2 23. g4 Bg6 24. b3 Rxa2 25. bxc4 Qxc4 26. Be2 Qc7 27. Bd3 Qxc3 0-1

[Event "ChessOrg Schachfestival 2024 Bad Wörishofen"]
[White "Neumann, Joachim"]
[Black "Kierzek, Mira"]
[Site "Bad Woerishofen"]
[Round "7.11"]
[Annotator "wempe"]
[Result "1/2-1/2"]
[Date "2024.??.??"]
[WhiteElo "2062"]
[BlackElo "1977"]
[PlyCount "52"]
[GameId "2118793979601406"]
[EventDate "2024.03.14"]

1. d4 d5 2. Bf4 Nf6 3. e3 Bf5 4. c4 c6 5. Nc3 e6 6. Qb3 Qb6 7. c5 Qxb3 8. axb3 Nbd7 9. h3 Be7 10. b4 O-O 11. b5 cxb5 12. Bxb5 a6 13. Ba4 Nb8 14. Nf3 Nfd7 15. Kd2 Rc8 16. b4 Nc6 17. b5 axb5 18. Bxb5 h6 19. Bd3 Bxd3 20. Kxd3 b6 21. cxb6 Nxb6 22. Rxa8 Rxa8 23. Rc1 Nb4+ 24. Ke2 Nc4 25. e4 dxe4 26. Nxe4 Ra2+ 1/2-1/2

[Event "ChessOrg Schachfestival 2024 Bad Wörishofen"]
[White "Bohnstorff, Michael"]
[Black "Larem, Ewald"]
[Site "Bad Woerishofen"]
[Round "7.12"]
[Annotator "wempe"]
[Result "1/2-1/2"]
[Date "2024.??.??"]
[WhiteElo "2043"]
[BlackElo "1977"]
[PlyCount "61"]
[GameId "2108641599820099"]
[EventDate "2024.03.14"]

1. d4 d5 2. Nf3 Nf6 3. c3 e6 4. Bf4 Bd6 5. Bg3 O-O 6. Nbd2 b6 7. e3 c5 8. Be2 Ba6 9. Bxa6 Nxa6 10. O-O Bxg3 11. hxg3 Nb8 12. Qe2 Nbd7 13. Rfd1 Qc7 14. Rac1 Rfd8 15. e4 dxe4 16. Nxe4 Nxe4 17. Qxe4 Nf6 18. Qh4 h6 19. Ne5 Rd5 20. Qf4 Rad8 21. Nf3 Qb7 22. Re1 Rf5 23. Qe3 cxd4 24. cxd4 Rb5 25. Rc2 Nd5 26. Qe4 Qe7 27. a3 Rb3 28. Rcc1 Qe8 29. Qe2 Qb5 30. Qxb5 Rxb5 31. Kf1 1/2-1/2

[Event "ChessOrg Schachfestival 2024 Bad Wörishofen"]
[White "Heller, Achim"]
[Black "Gerl, Hans"]
[Site "Bad Woerishofen"]
[Round "7.13"]
[Annotator "wempe"]
[Result "1-0"]
[Date "2024.??.??"]
[WhiteElo "2040"]
[BlackElo "1965"]
[PlyCount "103"]
[GameId "2109369141039444"]
[EventDate "2024.03.14"]

1. d4 Nf6 2. Nf3 b6 3. c4 Bb7 4. e3 e6 5. Bd3 Be7 6. O-O O-O 7. b3 c5 8. Bb2 d5 9. Nbd2 Nc6 10. Rc1 cxd4 11. exd4 Rc8 12. Qe2 Qd6 13. c5 Qf4 14. a3 bxc5 15. dxc5 a5 16. Bb5 Ne4 17. Bxc6 Rxc6 18. Be5 Qf5 19. b4 axb4 20. axb4 Rfc8 21. Rfe1 Ra6 22. Ra1 Rxa1 23. Bxa1 Bf6 24. Nxe4 dxe4 25. Nd4 Qd5 26. Nc2 Bxa1 27. Rxa1 Qd3 28. Kf1 h6 29. Qxd3 exd3 30. Ne3 Bc6 31. Ke1 e5 32. f3 Rb8 33. Rb1 g6 34. Nc4 e4 35. fxe4 Bxe4 36. Kd2 Bc6 37. Nd6 Bxg2 38. Kxd3 f5 39. Rg1 Be4+ 40. Nxe4 fxe4+ 41. Kc4 Kf7 42. Re1 Kf6 43. Rxe4 Kf5 44. Re7 h5 45. c6 h4 46. Kc5 g5 47. c7 Rg8 48. Rd7 Rc8 49. Kb6 g4 50. Rd8 Rxc7 51. Kxc7 g3 52. hxg3 1-0